El lobo mexicano : un amigo en peligro.

保存先:
書誌詳細
第一著者: Soto, María Asunción (autor)
その他の著者: Hurtado, Marina, fot (autor) fot, (autor), Luna, Jorge, fot (autor) fot, (autor)
フォーマット: 図書
言語:スペイン語
シリーズ:(Libros del Rincón)
主題:
タグ: タグ追加
タグなし, このレコードへの初めてのタグを付けませんか!

MARC

LEADER 00000nam^a2200000^u^4500
001 000511227
005 20250521000000.0
008 071018s1000^^^^^^^^^^^^r^^^^^000^0^spa^d
009 20260310130144.324
022 |a 9789707906099 
035 |a FCE 000055437 
037 |a Acervo ITESO - Biblioteca 
041 |a spa 
082 0 4 |a 599.773  |b SOTl 
100 |a Soto, María Asunción  |e (autor) 
245 1 3 |a El lobo mexicano :  |b un amigo en peligro. 
264 |a México :  |b SEP : Cal y arena,  |c 2007. 
300 |a 80 p. :  |b il., col. 
336 |a texto  |b txt  |2 rdacontenido 
337 |a sin mediación  |b n  |2 rdamedio 
338 |a volumen  |b nc  |2 rdasoporte 
440 1 |a (Libros del Rincón) 
649 |a XX 
650 |a Recursos naturales 
650 |a Zoología 
650 |a Lobos 
650 |a México 
650 |a Conservación de especímenes 
700 |a Hurtado, Marina,  |e fot  |e (autor) 
700 |a Luna, Jorge,  |e fot  |e (autor) 
910 |a Fondo Centro de Estudios Educativos 
920 |a Impresos - Libros 
930 |a Fondos Especiales 
905 |a 133 
901 |a ALE032547  |b IT2  |c CEE  |u 20250521 
902 |a https://opac.biblio.iteso.mx/vufind/Record/000511227